ბათუმის შოთა რუსთაველის სახელმწიფო უნივერსიტეტის ბიბლიოთეკა

ტრადიციული სოციალურ-რელიგიური ინსტიტუტების გენეზისი და ძველი მოსახლეობის ტომობრივი სტრუქტურა აღმოსავლეთ საქართველოს მთიანეთში / (ბიბ.ჩანაწერი № 60185)

000 -ლიდერი
ფიქსირებული სიგრძის საკონტროლო ველი 01610nam a22002417a 4500
003 - საკონტროლო ნომრის იდენტიფიკატორი
საკონტროლო ველი Ge_BSU
005 - ბოლო ოპერაციის თარიღი და დრო
საკონტროლო ველი 20230615160642.0
008 - ფიქსირებული სიგრძის მონაცემთა ელემენტები - ზოგადი ინფორმაცია
ფიქსირებული სიგრძის საკონტროლო ველი 230615s2001 ge ||||| |||| 00| 0 geo d
020 ## - წიგნის საერთაშორისო სტანდარტული ნომერი
International Standard Book Number 9992898208
041 ## - ენის კოდი
Language code of text/sound track or separate title geo
080 ## - უნივერსალური ათობითი კლასიფიკაციის ინდექსი
Universal Decimal Classification number 392.31(=353.1) ე-78
100 ## - მთავარი ჩანაწერი - პიროვნების სახელი
Personal name ერიაშვილი, ჟუჟუნა
9 (RLIN) 18743
245 ## - ცნობა სათაურის შესახებ
Title ტრადიციული სოციალურ-რელიგიური ინსტიტუტების გენეზისი და ძველი მოსახლეობის ტომობრივი სტრუქტურა აღმოსავლეთ საქართველოს მთიანეთში /
Statement of responsibility, etc ჟუჟუნა ერიაშვილი ; [რედ.: თ. ოჩიაური, ი. სურგულაძე] ; საქ. მეცნ. აკად., ისტორიისა და ეთნოლოგიის ინ-ტი.
264 ## - წარმოების, გამოცემის, დისტრიბუციის და სხვა ცნობები
გამოცემის, წარმოების, დისტრიბუციის... ადგილი თბილისი :
გამოცემის, წარმოების, დისტრიბუციის... სახელწოდება ქრონოგრაფი,
გამოცემის, წარმოების, დისტრიბუციის... თარიღი 2001.
300 ## - ფიზიკური აღწერა
Extent 236 გვ. ;
Other physical details 20 სმ.
504 ## - BIBLIOGRAPHY, ETC. NOTE
Bibliography, etc ბიბლიოგრ. თავების ბოლოს
520 ## - SUMMARY, ETC.
Summary, etc რეზ. გერმ. ენ.
653 ## - INDEX TERM--UNCONTROLLED
Uncontrolled term ნათესაური ურთიერთობები აღმოსავლეთ საქართველოს მთიანეთში
653 ## - INDEX TERM--UNCONTROLLED
Uncontrolled term ფშავ-ხევსურეთი
700 ## - ADDED ENTRY--PERSONAL NAME
Personal name ოჩიაური, თ.
Relator term რედაქტორი
9 (RLIN) 18744
700 ## - ADDED ENTRY--PERSONAL NAME
Personal name სურგულაძე, ი.
Relator term რედაქტორი.
9 (RLIN) 18745
942 ## - ADDED ENTRY ELEMENTS (KOHA)
Source of classification or shelving scheme
Koha item type წიგნი
ეგზემპლარები
ჩამოწერის სტატუსი დაკარგული ეგზემპლარის სტატუსი კლასიფიკაციის წყარო ან თაროზე გაწყობის სქემა დაზიანების სტატუსი არ გაიცემა მუდმივი მდებარეობა (დაცვის ადგილი) ამჟამინდელი ადგილსამყოფელი თაროზე განთავსების ადგილი შეძენის თარიღი ღირებულება, შესყიდვის ნორმალური ფასი სრული შენახვის შიფრი შტრიხკოდი ბოლო ოპერაციის თარიღი ეგზემპლარის მიმდევრობითი ნომერი (კეტერი?) Uniform Resource Identifier ფასის ძალაში შესვლის თარიღი ეგზემპლარის სახეობა საჯარო შენიშვნა
          ბათუმის შოთა რუსთაველის სახელმწიფო უნივერსიტეტის მთავარი ბიბლიოთეკა ბათუმის შოთა რუსთაველის სახელმწიფო უნივერსიტეტის მთავარი ბიბლიოთეკა წიგნსაცავი 2023-06-15 6.00 392.31(=353.1) ე-78 64677 2023-06-15 64677 ბსუ-ს საპატიო დოქტორის გურამ ლორთქიფანიძის საჩუქარი 2023-06-15 წიგნი 6 ლ.